Fear of math: How to get over it and get on with your life (Record no. 1386891)

MARC details
000 -LEADER
fixed length control field 00658nam a2200217Ia 4500
005 - DATE AND TIME OF LATEST TRANSACTION
control field 20250508164051.0
008 - FIXED-LENGTH DATA ELEMENTS--GENERAL INFORMATION
fixed length control field 008 250505s9999 xx 000 0 eng d
020 ## - INTERNATIONAL STANDARD BOOK NUMBER
International Standard Book Number 0-8135-2099-1
037 ## - SOURCE OF ACQUISITION
Stock number TextBook
040 ## - CATALOGING SOURCE
Original cataloging agency FEDL
Language of cataloging eng
Transcribing agency FEDL
041 ## - LANGUAGE CODE
Language code of text/sound track or separate title eng
Source of code eng
084 ## - COLON CLASSIFICATION NUMBER
Classification number 370.156 51, ZAS/R
Assigning agency FEDL
100 ## - MAIN ENTRY--PERSONAL NAME
Personal name Zaslavsky Claudia
245 #0 - TITLE STATEMENT
Title Fear of math: How to get over it and get on with your life
260 ## - PUBLICATION, DISTRIBUTION, ETC.
Place of publication, distribution, etc. London, UK
Name of publisher, distributor, etc. Rutgers University Press
Date of publication, distribution, etc. 1999
300 ## - PHYSICAL DESCRIPTION
Extent x,264p
365 ## - TRADE PRICE
Price type code USD
Price amount 20
650 ## - SUBJECT ADDED ENTRY--TOPICAL TERM
Topical term or geographic name entry element Math anxiety; Education - Psychology
9 (RLIN) 777232
942 ## - ADDED ENTRY ELEMENTS (KOHA)
Koha item type Textbook
Classification part 370.156 51, ZAS/R
Holdings
Withdrawn status Lost status Damaged status Not for loan Home library Current library Date acquired Cost, normal purchase price Total Checkouts Full call number Barcode Date last seen Price effective from Koha item type
        Department of Education Library Department of Education Library 2025-05-08 20.00   370.156 51, ZAS/R EL0080501 2025-05-08 2025-05-08 Textbook
Copyright @ Delhi University Library System